[Event "11th Meurthe Festival KO"]
[Site "Nancy FRA"]
[Date "2013.03.10"]
[Round "1.2"]
[White "Pelletier, Y"]
[Black "Naiditsch, A"]
[Result "1-0"]
[WhiteElo "2604"]
[BlackElo "2706"]
[EventDate "2013.03.10"]
[WhiteTitle "GM"]
[BlackTitle "GM"]
[WhiteFideId "1301837"]
[BlackFideId "4650891"]

1.Nf3 Nf6 2.c4 g6 3.Nc3 Bg7 4.e4 d6 5.d4 O-O 6.Be2 Na6 7.O-O Qe8 8.Re1 e5 
9.Bf1 Bg4 10.d5 Nh5 11.h3 Bd7 12.g3 Nc5 13.b4 Na4 14.Nxa4 Bxa4 15.Qd2 Bd7 
16.Bb2 f5 17.exf5 gxf5 18.c5 f4 19.g4 Nf6 20.Bd3 Kh8 21.Ng5 Qe7 22.cxd6 
cxd6 23.Ne6 Bxe6 24.dxe6 Ne8 25.f3 Nc7 26.Be4 Nxe6 27.Bd5 Ng5 28.Kg2 Rad8 
29.Rac1 Ne6 30.Qf2 b6 31.Rc6 Rc8 32.Rec1 Rxc6 33.Rxc6 Nc7 34.Be4 d5 35.
Bxh7 Ne8 36.Bg6 e4 37.Re6 Qg5 38.Bxe8 e3 39.Bxg7+ Kxg7 40.Qb2+ Kh7 41.Bg6+
Kg8 42.Bd3 Kf7 43.Rg6 1-0

[Event "11th Meurthe Festival KO"]
[Site "Nancy FRA"]
[Date "2013.03.10"]
[Round "2.1"]
[White "Postny, E"]
[Black "Tkachiev, V"]
[Result "1-0"]
[WhiteElo "2627"]
[BlackElo "2644"]
[EventDate "2013.03.10"]
[WhiteTitle "GM"]
[BlackTitle "GM"]
[WhiteFideId "2804344"]
[BlackFideId "618438"]

1.d4 Nf6 2.c4 g6 3.Nc3 Bg7 4.e4 d6 5.Nf3 O-O 6.h3 Na6 7.Be3 c6 8.Be2 e5 9.
d5 Nh5 10.g3 cxd5 11.Nxd5 Nc5 12.Nd2 Nf6 13.Qc2 Bd7 14.Bxc5 dxc5 15.O-O-O 
Nxd5 16.cxd5 b5 17.Kb1 c4 18.h4 Qb6 19.Rh2 f5 20.h5 Rac8 21.hxg6 Qxg6 22.
Bh5 Qf6 23.Bf3 f4 24.g4 Rf7 25.Rg1 Qa6 26.Be2 c3 27.bxc3 Qa3 28.Nb3 f3 29.
Bd3 Bf8 30.Qb2 Qd6 31.g5 Rf4 32.Rgh1 Rf7 33.Qd2 Be8 34.Bf1 Rc4 35.Qe3 Rfc7
36.Bxc4 bxc4 37.Nd2 Qa3 38.Ka1 Bc5 39.Qxf3 Bg6 40.Rb1 Bb6 41.Qh3 Ba5 42.
Qe6+ Kg7 1-0

[Event "Vladimir Petrov Memorial"]
[Site "Jurmala LAT"]
[Date "2013.02.15"]
[Round "1.6"]
[White "Grachev, B"]
[Black "Kurnosov, I"]
[Result "1-0"]
[WhiteElo "2693"]
[BlackElo "2649"]
[EventDate "2013.02.15"]
[WhiteTitle "GM"]
[BlackTitle "GM"]
[WhiteFideId "4129199"]
[BlackFideId "4142527"]

1.c4 g6 2.g3 Bg7 3.Bg2 d6 4.Nc3 Nf6 5.d4 O-O 6.Nf3 Nc6 7.O-O a6 8.b3 Rb8 
9.Nd5 b5 10.Nxf6+ Bxf6 11.Bh6 Re8 12.Rc1 b4 13.d5 Ne5 14.Nd4 Bb7 15.h3 Nd7
16.Nc2 a5 17.Be3 Nc5 18.Bd4 e5 19.Bxc5 dxc5 20.e4 Bc8 21.Ne1 Be7 22.Nd3 
Bd6 23.f4 Qe7 24.Qd2 Kg7 25.fxe5 Bxe5 26.Nxe5 Qxe5 27.Qf2 f6 28.Qxc5 Qxg3 
29.Rf3 Qe5 30.Qxa5 Bd7 31.Qc5 Rb7 32.Rd1 Rf8 33.Qd4 Qxd4+ 34.Rxd4 Ra8 35.
c5 Rb5 36.c6 Be8 37.Rf2 Rd8 38.Rc2 Kf7 39.d6 Ke6 40.dxc7 Rc8 41.Rd8 Rxc7 
42.Rxe8+ Kd6 43.Rd2+ Kc5 44.e5 1-0

[Event "FIDE World Blitz 2013"]
[Site "Khanty-Mansiysk RUS"]
[Date "2013.06.09"]
[Round "15.1"]
[White "Le Quang Liem"]
[Black "Nepomniachtchi, I"]
[Result "1-0"]
[WhiteElo "2712"]
[BlackElo "2717"]
[EventDate "2013.06.09"]
[WhiteTitle "GM"]
[BlackTitle "GM"]
[WhiteFideId "12401137"]
[BlackFideId "4168119"]

1.d4 Nf6 2.c4 g6 3.g3 Bg7 4.Bg2 c5 5.Nf3 cxd4 6.Nxd4 d5 7.cxd5 Nxd5 8.O-O 
Nc7 9.Be3 O-O 10.Nc3 Nba6 11.Rc1 Nb4 12.Qb3 Bxd4 13.Rfd1 Bxe3 14.Rxd8 Rxd8
15.fxe3 Nca6 16.a3 Nc6 17.Bxc6 bxc6 18.Qc4 Rb8 19.b4 Rb6 20.Na4 Be6 21.Qh4
Rb7 22.Rxc6 Nb8 23.Rxe6 fxe6 24.Nc5 Rc7 25.Nxe6 Rc1+ 26.Kg2 Rd7 27.Qh6 Kf7
28.Ng5+ Ke8 29.Qxh7 Kd8 30.Ne6+ Kc8 31.Qg8+ 1-0

[Event "FIDE World Blitz 2013"]
[Site "Khanty-Mansiysk RUS"]
[Date "2013.06.09"]
[Round "15.14"]
[White "Tkachiev, V"]
[Black "Popov, Iv RUS"]
[Result "1-0"]
[WhiteElo "2649"]
[BlackElo "2632"]
[EventDate "2013.06.09"]
[WhiteTitle "GM"]
[BlackTitle "GM"]
[WhiteFideId "618438"]
[BlackFideId "4170350"]

1.Nf3 Nf6 2.g3 g6 3.c4 Bg7 4.Bg2 O-O 5.O-O d6 6.d4 Nc6 7.Nc3 Bf5 8.Ne1 Na5
9.e4 Bg4 10.f3 Be6 11.b3 c5 12.Nc2 cxd4 13.Nxd4 Bd7 14.Be3 Nc6 15.Nde2 Qa5
16.Kh1 Rac8 17.Rc1 Rfd8 18.Nf4 Be8 19.Qd2 e6 20.Rfd1 Bf8 21.Nfe2 Be7 22.
Bg5 a6 23.a4 Qb4 24.Rb1 Kf8 25.Qf4 Ng8 26.Bxe7+ Ngxe7 27.Qf6 Ng8 28.Qf4 
Qc5 29.Qd2 Nf6 30.Qb2 e5 31.Rd3 Nb4 32.Rd2 Bc6 33.Rbd1 Kg7 34.Nc1 h5 35.h4
Rc7 36.Nd3 Nxd3 37.Rxd3 Ne8 38.Bf1 Rcd7 39.b4 Qb6 40.a5 Qa7 41.b5 axb5 42.
cxb5 Qxa5 43.Bh3 Rc7 44.bxc6 bxc6 45.Ne2 Qc5 46.Qd2 Qf2 47.Qe1 Qxe1+ 48.
Rxe1 Kf8 49.Red1 Ke7 50.Rb1 d5 51.exd5 cxd5 52.Re1 f6 53.Nc3 d4 54.Ne4 Nd6
55.Nxd6 Rxd6 56.f4 Rc5 57.fxe5 fxe5 58.Bg2 Rb6 59.Rxd4 Rd6 60.Rxd6 Kxd6 
61.Re2 Ke6 62.Be4 Kf6 63.Kg2 Rc3 64.Ra2 Re3 65.Ra6+ Kg7 66.Bxg6 1-0

[Event "FIDE World Blitz 2013"]
[Site "Khanty-Mansiysk RUS"]
[Date "2013.06.09"]
[Round "16.2"]
[White "Ponomariov, R"]
[Black "Mamedov, Rau"]
[Result "1-0"]
[WhiteElo "2743"]
[BlackElo "2637"]
[EventDate "2013.06.09"]
[WhiteTitle "GM"]
[BlackTitle "GM"]
[WhiteFideId "14103320"]
[BlackFideId "13401653"]

1.c4 Nf6 2.Nc3 g6 3.e4 d6 4.d4 Bg7 5.Be2 O-O 6.Bg5 Na6 7.Nf3 h6 8.Be3 e5 
9.O-O Qe8 10.dxe5 dxe5 11.h3 b6 12.a3 Bb7 13.Qc2 Nc5 14.Bxc5 bxc5 15.Nd5 
Qd8 16.Rfd1 c6 17.Nxf6+ Qxf6 18.Rd2 Rfd8 19.Rad1 Qe7 20.Qb3 Rxd2 21.Rxd2 
Bc8 22.Qa4 Qc7 23.Ne1 Be6 24.Bg4 Bxg4 25.hxg4 Bf6 26.Qd1 Rd8 27.Rxd8+ Bxd8
28.Qd3 Bg5 29.g3 Qc8 30.Qd1 Be7 31.Kg2 Qe6 32.b3 Qc8 33.Nd3 Qd7 34.Nb2 Qd4
35.Qxd4 cxd4 36.b4 Kf8 37.Nd3 Bd6 38.Kf3 Ke7 39.Ke2 h5 40.gxh5 gxh5 41.Kf3
Ke6 42.Kg2 f5 43.f3 Kf6 44.Kh3 Kg6 45.a4 a6 46.b5 cxb5 47.cxb5 axb5 48.
axb5 Bc7 49.Kg2 Kf6 50.Nb2 fxe4 51.fxe4 Ke6 52.Nc4 Bd8 53.b6 d3 54.Kf3 Kd7
55.Nxe5+ Kd6 56.b7 Bc7 57.Nxd3 Kc6 58.Nf4 Kxb7 59.Nxh5 Kc6 60.Kg4 Kd7 61.
Kf5 Ke7 62.e5 Ba5 63.g4 Kf7 64.g5 Bc3 65.g6+ Ke7 66.Nf6 Kf8 67.e6 Bb4 68.
Nd5 Ba3 69.Kg5 Bc1+ 70.Kh5 1-0

[Event "FIDE World Blitz 2013"]
[Site "Khanty-Mansiysk RUS"]
[Date "2013.06.10"]
[Round "20.16"]
[White "Sargissian, G"]
[Black "Riazantsev, A"]
[Result "1-0"]
[WhiteElo "2671"]
[BlackElo "2708"]
[EventDate "2013.06.09"]
[WhiteTitle "GM"]
[BlackTitle "GM"]
[WhiteFideId "13300881"]
[BlackFideId "4125029"]

1.d4 Nf6 2.c4 g6 3.Nf3 Bg7 4.g3 O-O 5.Bg2 d6 6.O-O Nc6 7.Nc3 a6 8.b3 Bd7 
9.Bb2 Re8 10.Nd5 e6 11.Ne3 e5 12.dxe5 dxe5 13.Qc2 Qc8 14.Rfd1 Bh3 15.Bh1 
h6 16.Bc3 a5 17.Qb2 Ne4 18.Be1 Nxf2 19.Kxf2 e4 20.Bc3 Bxc3 21.Qxc3 exf3 
22.Bxf3 Ne5 23.Nd5 Ra6 24.Rd4 Rae6 25.Re4 c6 26.Rxe5 Rxe5 27.Nf6+ Kg7 28.
Nxe8+ Qxe8 29.Rd1 Qe7 30.Qd4 Qf6 31.Qf4 Be6 32.Qxf6+ Kxf6 33.Rd8 a4 34.Ra8
axb3 35.axb3 Bf5 36.Rb8 Re7 37.c5 Bc2 38.b4 Ba4 39.e4 Bb5 40.Ke3 Rd7 41.
Be2 Bxe2 42.Kxe2 h5 43.Ke3 Ke6 44.Kf4 Kf6 45.e5+ Ke7 46.Ke4 Ke6 47.Re8+ 
Re7 48.Rd8 Rd7 49.Rb8 Ke7 50.h3 Ke6 51.Re8+ Re7 52.Rd8 Rd7 53.Rb8 Ke7 54.
g4 hxg4 55.hxg4 f6 56.Rh8 Rd1 57.Rh7+ Ke6 58.exf6 Re1+ 59.Kd3 Kxf6 60.Rxb7
Rg1 61.Rb6 Rxg4 62.Rxc6+ Ke5 63.Kc3 g5 64.Rg6 Rg1 65.Kc4 Kf5 66.Rg8 g4 67.
Kb5 Re1 68.c6 Re7 69.Kb6 Re6 70.b5 Rg6 71.Rxg6 1-0

[Event "FIDE World Blitz 2013"]
[Site "Khanty-Mansiysk RUS"]
[Date "2013.06.10"]
[Round "22.5"]
[White "Nguyen Ngoc Truong Son"]
[Black "Guseinov, G"]
[Result "1-0"]
[WhiteElo "2625"]
[BlackElo "2631"]
[EventDate "2013.06.09"]
[WhiteTitle "GM"]
[BlackTitle "GM"]
[WhiteFideId "12401110"]
[BlackFideId "13401378"]

1.d4 Nf6 2.c4 g6 3.Nc3 Bg7 4.e4 d6 5.f4 O-O 6.Nf3 Na6 7.Be2 e5 8.fxe5 dxe5
9.d5 Nc5 10.Bg5 h6 11.Bxf6 Qxf6 12.b4 Nd7 13.a3 a5 14.c5 Qe7 15.Rc1 axb4 
16.axb4 b6 17.d6 cxd6 18.Nd5 Qd8 19.c6 Nf6 20.c7 Qe8 21.Nxb6 Ra2 22.Rc2 
Rxc2 23.Qxc2 d5 24.Nxc8 Qxc8 25.Qc6 Qg4 26.O-O dxe4 27.Nd4 Qg5 28.Nc2 Qd2 
29.c8=Q Rxc8 30.Qxc8+ Kh7 31.Qc4 1-0

[Event "FIDE World Blitz 2013"]
[Site "Khanty-Mansiysk RUS"]
[Date "2013.06.10"]
[Round "26.8"]
[White "Movsesian, S"]
[Black "Tkachiev, V"]
[Result "1-0"]
[WhiteElo "2699"]
[BlackElo "2649"]
[EventDate "2013.06.09"]
[WhiteTitle "GM"]
[BlackTitle "GM"]
[WhiteFideId "310204"]
[BlackFideId "618438"]

1.c4 g6 2.Nc3 Bg7 3.g3 Nf6 4.Bg2 O-O 5.Nf3 d6 6.O-O c6 7.d4 Nbd7 8.h3 e5 
9.e4 Qa5 10.Be3 exd4 11.Nxd4 Ne5 12.Nb3 Qc7 13.Nd2 Be6 14.b3 Rfe8 15.Qc2 
a6 16.Rfe1 c5 17.Nd5 Qa5 18.Bg5 Nfd7 19.Rad1 Nc6 20.Nf3 Bxd5 21.cxd5 Nb4 
22.Qd2 Qxa2 23.Qf4 Ne5 24.Nxe5 Bxe5 25.Qf3 c4 26.bxc4 Qxc4 27.Rc1 Qd3 28.
Re3 Qb5 29.Rc7 Rf8 30.Bh6 Qb6 31.Re7 Bg7 32.Bxg7 Kxg7 33.Rb3 a5 34.Qc3+ 
Kg8 35.Qf6 Qd8 36.h4 Na6 37.h5 gxh5 38.Rf3 Nc5 39.Rf5 Ne6 1-0

[Event "FIDE World Blitz 2013"]
[Site "Khanty-Mansiysk RUS"]
[Date "2013.06.10"]
[Round "26.13"]
[White "Sargissian, G"]
[Black "Cheparinov, I"]
[Result "1-0"]
[WhiteElo "2671"]
[BlackElo "2678"]
[EventDate "2013.06.09"]
[WhiteTitle "GM"]
[BlackTitle "GM"]
[WhiteFideId "13300881"]
[BlackFideId "2905540"]

1.d4 Nf6 2.c4 g6 3.Nf3 Bg7 4.g3 b6 5.Bg2 Bb7 6.O-O e6 7.Nc3 d5 8.Ne5 O-O 
9.Bg5 h6 10.Bxf6 Bxf6 11.cxd5 exd5 12.e4 Bxe5 13.dxe5 d4 14.Nd5 c5 15.b4 
Nd7 16.f4 Kg7 17.h4 Ba6 18.Rf2 d3 19.Qd2 cxb4 20.Qxb4 Nc5 21.Qb2 Kh7 22.h5
Bc4 23.hxg6+ fxg6 24.Nf6+ Kh8 25.Nd5 Qd7 26.Kh2 Qg7 27.Qd4 Ba6 28.f5 Rad8 
29.f6 Qf7 30.Qe3 g5 31.Rh1 Rfe8 32.Kg1 Rxe5 33.Rxh6+ Kg8 34.Rf5 Rxf5 35.
exf5 1-0

[Event "Corporation Cup 2013"]
[Site "Izhevsk RUS"]
[Date "2013.07.18"]
[Round "7.2"]
[White "Kovalenko, I"]
[Black "Kokarev, Dm"]
[Result "1-0"]
[WhiteElo "2621"]
[BlackElo "2630"]
[EventDate "2013.07.11"]
[WhiteTitle "GM"]
[BlackTitle "GM"]
[WhiteFideId "14117908"]
[BlackFideId "4132181"]

1.d4 Nf6 2.c4 g6 3.Nc3 Bg7 4.e4 d6 5.h3 O-O 6.Be3 c5 7.dxc5 Qa5 8.Bd3 dxc5
9.e5 Nfd7 10.f4 Rd8 11.Qb1 Bxe5 12.fxe5 Nxe5 13.Be2 Bf5 14.Qc1 Bd3 15.Nf3 
Bxe2 16.Kxe2 Nxc4 17.Ne4 Nxe3 18.Kxe3 Na6 19.Kf2 Rac8 20.Re1 Qb6 21.Kf1 
Rc7 22.Re2 Nb4 23.Qh6 f6 24.Kg1 c4+ 25.Kh1 Rcd7 26.Rae1 Nd3 27.Rf1 Qc6 28.
Re3 b5 29.h4 e5 30.Nd4 Rxd4 31.Nxf6+ Kf7 32.Nxh7+ Rf4 33.Ng5+ Kf6 34.Ref3 
Rxf3 35.Rxf3+ Nf4 36.h5 Kf5 37.Nh3 Rd4 38.Qg5+ Ke6 39.Nxf4+ exf4 40.Qxg6+ 
Kd7 41.Qg7+ 1-0

[Event "TCh-SRB 1st League 2013"]
[Site "Kragujevac SRB"]
[Date "2013.08.27"]
[Round "4.6"]
[White "Georgiev, Ki"]
[Black "Markus, Rob"]
[Result "1-0"]
[WhiteElo "2637"]
[BlackElo "2622"]
[EventDate "2013.08.24"]
[WhiteTitle "GM"]
[BlackTitle "GM"]
[WhiteTeam "Metalac Takovo"]
[BlackTeam "Novosadski SK DDOR"]
[WhiteFideId "2900017"]
[BlackFideId "921637"]

1.d4 Nf6 2.Nf3 g6 3.c4 Bg7 4.g3 O-O 5.Bg2 d6 6.O-O Nbd7 7.Qc2 e5 8.Rd1 Re8
9.e4 exd4 10.Nxd4 Qe7 11.Nc3 c6 12.b3 Nc5 13.f3 Nfd7 14.Nce2 Nxe4 15.Qxe4 
c5 16.Nc2 Ne5 17.Ne3 Nxf3+ 18.Qxf3 Bxa1 19.Bd2 Bg7 20.Nf4 Rb8 21.Ned5 Qf8 
22.Bc3 f5 23.Nc7 Re4 24.Qd3 Bd4+ 25.Kh1 Bd7 26.Qd2 Bc6 27.Nce6 Qe7 28.Bxd4
cxd4 29.Nxd4 Re8 30.Bxe4 Qxe4+ 31.Ng2 Qg4 32.Nxc6 bxc6 33.Qxd6 Qf3 34.Kg1 
1-0

[Event "Lake Sevan 2013"]
[Site "Martuni ARM"]
[Date "2013.09.09"]
[Round "2.4"]
[White "Pashikian, A"]
[Black "Ragger, M"]
[Result "1-0"]
[WhiteElo "2609"]
[BlackElo "2680"]
[EventDate "2013.09.08"]
[WhiteTitle "GM"]
[BlackTitle "GM"]
[WhiteFideId "13301578"]
[BlackFideId "1610856"]

1.d4 Nf6 2.c4 g6 3.Nf3 Bg7 4.g3 d5 5.cxd5 Nxd5 6.Bg2 Nb6 7.Nc3 Nc6 8.e3 
O-O 9.O-O Re8 10.h3 e5 11.d5 Na5 12.Qc2 c6 13.b4 Nac4 14.dxc6 bxc6 15.Rd1 
Qe7 16.Nd2 Bf5 17.Nce4 Red8 18.Nxc4 Rxd1+ 19.Qxd1 Nxc4 20.a3 Be6 21.Qc2 f5
22.Bf1 Nb6 23.Nc5 e4 24.Bb2 Bd5 25.Rd1 a5 26.Bxg7 Qxg7 27.bxa5 Rxa5 28.Rb1
Qc7 29.Na6 Qd8 30.Qc3 Nc8 31.Rb7 Bf7 32.Bc4 Qd1+ 33.Kh2 Rd5 34.Bxd5 Qxd5 
35.Rb8 Be6 36.Nc7 Qa2 37.Rb2 1-0

[Event "Lake Sevan 2013"]
[Site "Martuni ARM"]
[Date "2013.09.10"]
[Round "3.4"]
[White "Kuzubov, Y"]
[Black "Swiercz, D"]
[Result "1-0"]
[WhiteElo "2628"]
[BlackElo "2654"]
[EventDate "2013.09.08"]
[WhiteTitle "GM"]
[BlackTitle "GM"]
[WhiteFideId "14112906"]
[BlackFideId "1126881"]

1.d4 Nf6 2.Nf3 g6 3.c4 Bg7 4.g3 O-O 5.Bg2 d6 6.O-O Nc6 7.Nc3 Bf5 8.b3 e5 
9.d5 Ne7 10.Bb2 Ne4 11.Na4 Nf6 12.Nc3 Ne4 13.Na4 g5 14.Ne1 g4 15.f3 gxf3 
16.Nxf3 h6 17.Nc3 Nxc3 18.Bxc3 Bh7 19.Nh4 f5 20.Qd2 Qe8 21.Kh1 Qh5 22.e3 
Ng6 23.Nf3 Rf7 24.Rf2 Raf8 25.Rg1 Rf6 26.Bf1 Nh8 27.Nh4 Nf7 28.Be2 Qg5 29.
Qc1 h5 30.Bd2 Nh6 31.Rfg2 Ng4 32.h3 f4 33.exf4 exf4 34.Nf3 Qh6 35.hxg4 
hxg4+ 36.Nh2 Be4 37.Bxg4 fxg3 38.Bxh6 Rxh6 39.Qxh6 Bxh6 40.Bf3 Rxf3 41.
Nxf3 Bxf3 42.Rf1 Be4 43.Re1 Bf3 44.Kg1 Bf4 45.Rxg3+ Bxg3 46.Re3 1-0

[Event "29th ECC Open 2013"]
[Site "Rhodes GRE"]
[Date "2013.10.23"]
[Round "4.1"]
[White "Grischuk, A"]
[Black "Navara, D"]
[Result "1-0"]
[WhiteElo "2786"]
[BlackElo "2703"]
[EventDate "2013.10.20"]
[WhiteTitle "GM"]
[BlackTitle "GM"]
[WhiteTeam "Malachite"]
[BlackTeam "G-Team Novy Bor"]
[WhiteFideId "4126025"]
[BlackFideId "309095"]

1.d4 Nf6 2.c4 g6 3.f3 Nc6 4.d5 Ne5 5.e4 d6 6.Nc3 Bg7 7.f4 Ned7 8.Nh3 O-O 
9.Be2 e5 10.dxe6 fxe6 11.Be3 b6 12.O-O Nc5 13.Qc2 a5 14.Bf3 Rb8 15.Rae1 
Nfd7 16.Ng5 Bb7 17.b3 Qe7 18.a3 e5 19.f5 h6 20.Nh3 gxf5 21.exf5 e4 22.Bxc5
Bxc3 23.Qxc3 bxc5 24.Nf2 Qg7 25.Nxe4 Bxe4 26.Qxg7+ Kxg7 27.Rxe4 Rxb3 28.
Re6 Nf6 29.g4 Re8 30.Rxe8 Nxe8 31.Kf2 Rxa3 32.Re1 Nf6 33.h4 Rc3 34.g5 hxg5
35.hxg5 Rxc4 36.Kg3 Ng8 37.Bh5 Rc3+ 38.Kg2 Rc2+ 39.Kg1 Rb2 40.f6+ Nxf6 41.
Re7+ Kh8 42.gxf6 Rb8 43.Bg6 Rg8 1-0

[Event "29th ECC Open 2013"]
[Site "Rhodes GRE"]
[Date "2013.10.25"]
[Round "6.3"]
[White "Vitiugov, N"]
[Black "Mamedov, Nid"]
[Result "1-0"]
[WhiteElo "2729"]
[BlackElo "2612"]
[EventDate "2013.10.20"]
[WhiteTitle "GM"]
[BlackTitle "GM"]
[WhiteTeam "Saint-Petersburg"]
[BlackTeam "Odlar Yurdu"]
[WhiteFideId "4152956"]
[BlackFideId "13400819"]

1.c4 g6 2.d4 Nf6 3.Nc3 Bg7 4.e4 d6 5.f3 O-O 6.Nge2 Nbd7 7.Be3 c5 8.Qd2 a6 
9.Rd1 Qc7 10.Nf4 e6 11.d5 e5 12.Nd3 Nh5 13.Be2 f5 14.exf5 gxf5 15.O-O f4 
16.Bf2 Ndf6 17.Bh4 Bh8 18.g4 fxg3 19.hxg3 Qg7 20.Kh2 Qg6 21.Qg5 Bd7 22.Nf2
Qxg5 23.Bxg5 Ng7 24.g4 Nge8 25.Kg2 b5 26.Rh1 bxc4 27.Bxc4 Bb5 28.b3 Rb8 
29.Rb1 Rf7 30.Nfe4 Rfb7 31.Nd2 e4 32.Ncxe4 Nxe4 33.fxe4 Rg7 34.Bf4 Rxg4+ 
35.Kf3 Rg6 36.a4 Bxc4 37.Nxc4 Bg7 38.Ne3 Rb7 39.Nf5 Bf8 40.Rhg1 Rxb3+ 41.
Rxb3 Rxg1 42.Rb8 Rf1+ 43.Ke3 Re1+ 44.Kd3 Kf7 45.Rb7+ Kg6 46.Nh4+ Kh5 47.
Rxh7+ Kg4 48.Ng2 c4+ 49.Kxc4 Rxe4+ 50.Kd3 Re7 51.Rh4+ Kf5 52.Ne3+ Kg6 53.
Rg4+ Kf7 54.Bg5 Rb7 55.Rf4+ Kg8 56.Rc4 Rc7 57.Rxc7 Nxc7 58.Bd8 Na8 59.Nc2 
Kf7 60.Nb4 Ke8 61.Ba5 Be7 62.Nxa6 Bd8 63.Bxd8 Kxd8 64.a5 Kc8 65.Kc4 Kb7 
66.Kb5 Ka7 67.Nb4 Kb7 68.a6+ Kc7 69.Nd3 Nb6 70.Nf4 Nc8 71.Ne6+ Kd7 72.Ka5 
Ke8 73.Nc7+ Ke7 74.Nb5 Kf6 75.Nxd6 1-0

[Event "2nd Danube Rapid Cup 2013"]
[Site "Kozloduy BUL"]
[Date "2013.11.02"]
[Round "6.3"]
[White "Rapport, R"]
[Black "Baklan, V"]
[Result "1-0"]
[WhiteElo "2680"]
[BlackElo "2627"]
[EventDate "2013.11.01"]
[WhiteTitle "GM"]
[BlackTitle "GM"]
[WhiteFideId "738590"]
[BlackFideId "14102196"]

1.d4 Nf6 2.c4 g6 3.Nc3 Bg7 4.e4 d6 5.Be2 O-O 6.h4 c5 7.d5 e6 8.h5 exd5 9.
hxg6 fxg6 10.cxd5 b5 11.e5 dxe5 12.Bxb5 Ba6 13.a4 Bxb5 14.axb5 Nbd7 15.Be3
a6 16.bxa6 Qb6 17.Nge2 Rxa6 18.Rh4 Rxa1 19.Qxa1 e4 20.Nxe4 Qb3 21.Nxc5 
Nxc5 22.Bxc5 Re8 23.Qd1 Qxb2 24.Be3 Qe5 25.Rd4 Qh5 26.Nf4 Qf5 27.d6 Nd7 
28.Ra4 Be5 29.Kf1 Rb8 30.Qd5+ Kh8 31.g3 g5 32.Nd3 Qh3+ 33.Ke2 Bf6 34.Ra8 
Qh5+ 35.Kf1 Rxa8 36.Qxa8+ Kg7 37.Qb7 Qf7 38.Qb5 h6 39.Nc5 Ne5 1-0

[Event "17th OIBM 2013"]
[Site "Bad Wiessee GER"]
[Date "2013.10.31"]
[Round "7.1"]
[White "Berkes, F"]
[Black "Nyzhnyk, I"]
[Result "1-0"]
[WhiteElo "2673"]
[BlackElo "2625"]
[EventDate "2013.10.26"]
[WhiteTitle "GM"]
[BlackTitle "GM"]
[WhiteFideId "718572"]
[BlackFideId "14118084"]

1.d4 Nf6 2.c4 g6 3.Nc3 Bg7 4.e4 d6 5.Nf3 O-O 6.Be2 e5 7.O-O Nc6 8.d5 Ne7 
9.b4 Ne8 10.c5 f5 11.a4 Nf6 12.Nd2 f4 13.Nc4 g5 14.Nb5 Nxe4 15.f3 a6 16.
Nxc7 Nc3 17.Qe1 Qxc7 18.cxd6 Nxe2+ 19.Qxe2 Qd7 20.dxe7 Qxe7 21.d6 Qe6 22.
Bb2 Bd7 23.Rfe1 Rae8 24.Qd3 Qf5 25.Qxf5 Rxf5 26.h3 h5 27.Nb6 Bc6 28.b5 
axb5 29.axb5 Bxb5 30.Nd5 Bc6 31.Ne7+ Rxe7 32.dxe7 Kf7 33.Ra5 Kxe7 34.Bxe5 
Kf7 35.Bc3 Bd4+ 36.Kh2 Rxa5 37.Bxa5 Kf6 38.Rd1 Be5 39.Bb6 Kf5 40.Rd8 Bf6 
41.Rf8 Ke6 42.Kg1 Ke7 43.Rc8 Ke6 44.Kf2 Bd7 45.Rc7 Bc6 46.Rh7 Kf5 47.Rf7 
Kg6 48.Rf8 Kg7 49.Ra8 Kg6 50.Ra3 Kf5 51.Ra5+ Kg6 52.Ra8 Kf5 53.Rg8 Bd5 54.
Rf8 Kg6 55.Re8 Bc6 56.Re1 g4 57.Rb1 Kf5 58.Ke2 Be7 59.Bd4 Kg5 60.Be5 Kf5 
61.Bc3 Kg5 62.Bb4 Bf6 63.Bd6 Bc3 64.Rb3 Ba5 65.Rb1 Kf5 66.Kd3 Kg5 67.Be7+ 
Kf5 68.Ke2 Bc7 69.Bc5 Be5 70.Rh1 Bb5+ 71.Kd2 g3 72.Rb1 Ba6 73.Bb6 Ke6 74.
Rc1 Kf5 75.Rc5 Ke6 76.Bc7 Bxc7 77.Rxc7 Bf1 78.h4 Bxg2 79.Ke2 Bh3 80.Rxb7 
Bf5 81.Rb6+ Ke5 82.Rh6 Bc8 83.Rxh5+ Kf6 84.Rh6+ Kf5 85.Kf1 Be6 86.Kg2 Bf7 
87.Ra6 Be8 88.Ra7 Bg6 89.Kh3 Be8 90.Ra5+ Ke6 91.Rg5 1-0

[Event "5th Classic Open 2013"]
[Site "London ENG"]
[Date "2013.12.15"]
[Round "9.2"]
[White "Grachev, B"]
[Black "Nevednichy, V"]
[Result "1-0"]
[WhiteElo "2669"]
[BlackElo "2604"]
[EventDate "2013.12.07"]
[WhiteTitle "GM"]
[BlackTitle "GM"]
[WhiteFideId "4129199"]
[BlackFideId "1205730"]

1.d4 Nf6 2.Nf3 g6 3.c4 Bg7 4.g3 O-O 5.Bg2 d6 6.O-O c6 7.Nc3 Qa5 8.e4 e5 9.
h3 Nbd7 10.Re1 exd4 11.Nxd4 Ne5 12.Bf1 Re8 13.Be3 c5 14.Nb3 Qb4 15.a3 Qb6 
16.Nd2 Nc6 17.Rb1 Qd8 18.Bg2 Be6 19.Ne2 Nd7 20.Nf4 Nf8 21.b4 b6 22.bxc5 
bxc5 23.e5 Nxe5 24.Bxa8 Qxa8 25.Nxe6 Nxe6 26.Qb3 Nf3+ 27.Nxf3 Qxf3 28.Bf4 
Qxb3 29.Rxb3 Be5 30.Reb1 Nxf4 31.gxf4 Bxf4 32.Rb8 Kf8 33.Rxe8+ Kxe8 34.
Rb8+ Kd7 35.Rb7+ Kc6 36.Rxf7 Bc1 37.Rxa7 h5 38.Kf1 g5 39.Rg7 Bf4 40.Ke2 
Kb6 41.Kd3 h4 42.Ke4 Kc6 43.f3 Bd2 44.Rg8 Bc1 45.a4 Kb6 46.Kd5 Bf4 47.Rg7 
Ka5 48.Ra7+ Kb6 49.Rd7 Ka5 50.Rxd6 1-0

[Event "TCh-POL Ekstraligi 2014"]
[Site "Gorzow POL"]
[Date "2014.05.17"]
[Round "2.2"]
[White "Navara, D"]
[Black "Krasenkow, M"]
[Result "1-0"]
[WhiteElo "2708"]
[BlackElo "2635"]
[EventDate "2014.05.16"]
[WhiteTitle "GM"]
[BlackTitle "GM"]
[WhiteTeam "K.Sz. WASKO HETMAN Katowice"]
[BlackTeam "KSz Stilon Gorzow Wlkp."]
[WhiteFideId "309095"]
[BlackFideId "1113100"]

1.d4 Nf6 2.c4 g6 3.g3 c6 4.Bg2 d5 5.Nf3 Bg7 6.Qb3 O-O 7.O-O dxc4 8.Qxc4 
Bf5 9.Nc3 Nbd7 10.Re1 Ne4 11.Qb3 Nb6 12.Bf4 Nxc3 13.bxc3 Be4 14.Bf1 Bxf3 
15.exf3 Nd5 16.Be5 b5 17.a4 a6 18.c4 bxc4 19.Qxc4 Qd7 20.Bxg7 Kxg7 21.Rec1
Rfc8 22.a5 Qd8 23.f4 e6 24.Qc5 Rc7 25.Rab1 Rd7 26.Rb3 Raa7 27.Rcb1 Qf6 28.
Rb8 Ne7 29.R1b4 Qf5 30.h4 Qxc5 31.dxc5 Rd1 32.Rb1 Rxb1 33.Rxb1 Nf5 34.Bg2 
Kf6 35.Rb6 Nd4 36.Kf1 Ke7 37.Ke1 Kd8 38.Kd2 Rd7 39.Rxa6 Kc8 40.Kd3 Kb7 41.
Rb6+ Ka7 42.Kc4 Ne2 43.Rxc6 Rd4+ 44.Kb3 Rd3+ 45.Kc2 Ra3 46.Rc8 Nd4+ 47.Kb2
Rb3+ 48.Ka2 Rb8 49.Rxb8 Kxb8 50.Kb2 Kc7 51.Kc3 Nb5+ 52.Kb4 Na7 53.g4 h6 
54.g5 hxg5 55.fxg5 Kd7 56.Bb7 Kc7 57.a6 Kd7 58.Ka5 Kc7 59.f4 1-0

[Event "FIDE World Rapid 2014"]
[Site "Dubai UAE"]
[Date "2014.06.16"]
[Round "4.28"]
[White "Radjabov, T"]
[Black "Salgado Lopez, I"]
[Result "1-0"]
[WhiteElo "2724"]
[BlackElo "2622"]
[EventDate "2014.06.16"]
[WhiteTitle "GM"]
[BlackTitle "GM"]
[WhiteFideId "13400924"]
[BlackFideId "2257327"]

1.d4 Nf6 2.c4 g6 3.Nc3 Nd5 4.e4 Nxc3 5.bxc3 Bg7 6.Nf3 c5 7.Rb1 O-O 8.Be2 
Nc6 9.d5 Ne5 10.Nxe5 Bxe5 1-0

[Event "FIDE World Blitz 2014"]
[Site "Dubai UAE"]
[Date "2014.06.19"]
[Round "2.13"]
[White "Tomashevsky, E"]
[Black "Andriasian, Z"]
[Result "1-0"]
[WhiteElo "2695"]
[BlackElo "2611"]
[EventDate "2014.06.19"]
[WhiteTitle "GM"]
[BlackTitle "GM"]
[WhiteFideId "4147235"]
[BlackFideId "13302000"]

1.Nf3 Nf6 2.c4 g6 3.Nc3 Bg7 4.e4 d6 5.d4 O-O 6.h3 c5 7.d5 e6 8.Bd3 exd5 9.
exd5 Re8+ 10.Be3 Rxe3+ 11.fxe3 Qe7 12.O-O Nbd7 13.Qd2 a6 14.Rf2 b6 15.Raf1
Bh6 16.Nd1 Bb7 17.g4 Bg7 18.b3 b5 19.Nc3 b4 20.Ne2 Re8 21.Ng3 Ne5 22.Nxe5 
Qxe5 23.Rf3 Re7 24.Qf2 Bh6 25.Kg2 Bxe3 26.Rxe3 Qxe3 27.Qxf6 Bc8 28.Qxd6 h5
29.gxh5 gxh5 30.Rf3 Qd2+ 31.Rf2 Qg5 32.Bf5 Bxf5 33.Rxf5 Re2+ 34.Rf2 Re3 
35.Qf4 1-0